00599nam a2200181Ia 4500952012400000999001700124003000400141005001700145008004100162040000900203082001500212100002900227245004300256260005000299300000900349650002300358942003600381 00102ddc40708ARTSaMESbMEScARTSd2019-02-20g5.25l0o792 RAN/Ip4844r2019-02-20 00:00:00w2019-02-20yBKzU22R5 c12458d12458OSt20201105120434.0190216s9999||||xx |||||||||||||| ||und|| coclc a792bRAN/I aRangacharya, Adya 96273 4aThe Indian Theatre /cAdya Rangacharya bNational Book Trust India,c1971.aNew Delhi: a160p aEnglish Literature cBK2ddch792iRAN/Ik792mRAN/I